[Event "Etoiles montantes 3-A"]
[Site "Montreal CAN"]
[Date "2022.11.19"]
[Round "2"]
[White "Guipi Bopala, Prince Eric jr"]
[Black "Genzling, Jerome"]
[Result "0-1"]
[WhiteElo "2041"]
[BlackElo "1981"]
[PlyCount "96"]
[EventDate "2022.11.19"]
[EventType "tourn"]
[EventRounds "10"]
[EventCountry "CAN"]

1. d4 d5 2. c4 e6 3. Nf3 a6 4. e3 Nf6 5. Nc3 Nbd7 6. cxd5 exd5 7. Bd3 Bd6 8.
Qc2 O-O 9. O-O Re8 10. a4 c5 11. dxc5 Nxc5 12. Rd1 Nxd3 13. Qxd3 Bg4 14. Nxd5
Bxf3 15. gxf3 Nxd5 16. Qxd5 Re6 17. e4 Qh4 18. Kf1 Rae8 19. Be3 Qh3+ 20. Ke2
Rf6 21. e5 Bxe5 22. Qxe5 Qxf3+ 23. Ke1 Qh1+ 24. Ke2 Qf3+ 25. Kf1 Rfe6 26. Qf4
Rxe3 27. Qxe3 Qh1+ 28. Ke2 Qc6 29. Rac1 Rxe3+ 30. fxe3 Qg2+ 31. Kd3 g6 32. Rd2
Qd5+ 33. Ke2 Qb3 34. Rc8+ Kg7 35. Rc7 h5 36. a5 Qb5+ 37. Kf2 Qxa5 38. Rdd7 Qf5+
39. Ke2 b5 40. Re7 g5 41. e4 Qf4 42. Kd3 g4 43. e5 Kg6 44. Rc6+ Kg5 45. Rd6 g3
46. hxg3 Qxg3+ 47. Kd4 Qf4+ 48. Kd5 Qc4# 0-1

[Event "Etoiles montantes 3-A"]
[Site "Montreal CAN"]
[Date "2022.11.19"]
[Round "2"]
[White "Zheng, Richard"]
[Black "Saha, Ananda"]
[Result "1-0"]
[WhiteElo "2232"]
[BlackElo "2173"]
[PlyCount "87"]
[EventDate "2022.11.19"]
[EventType "tourn"]
[EventRounds "10"]
[EventCountry "CAN"]

1. d4 Nf6 2. Bg5 d5 3. e3 g6 4. Bd3 Bg7 5. Nd2 O-O 6. Ngf3 Nbd7 7. O-O c6 8. b4
Re8 9. c4 a5 10. a3 e5 11. cxd5 cxd5 12. Bb5 e4 13. Ne5 Re6 14. Nxd7 Bxd7 15.
Bxd7 Qxd7 16. Nb3 b6 17. bxa5 Bf8 18. axb6 Rxb6 19. Nc5 Bxc5 20. dxc5 Re6 21.
Bxf6 Rxf6 22. Qd4 Rfa6 23. Rfc1 Qc6 24. Rab1 Ra4 25. Rb4 h5 26. h3 Kh7 27. Rd1
Rxa3 28. Rb6 Qc7 29. Qxd5 R8a7 30. Rc1 Ra1 31. Rbb1 R1a5 32. g3 Qe7 33. Rb4 f5
34. Rb8 Qg7 35. Qd8 Rc7 36. c6 Raa7 37. h4 Kh6 38. Kg2 Kh7 39. Rc5 Kh6 40. Qg5+
Kh7 41. Rxf5 gxf5 42. Qxh5+ Qh6 43. Rh8+ Kxh8 44. Qxh6+ 1-0

[Event "Etoiles montantes 3-A"]
[Site "Montreal CAN"]
[Date "2022.11.19"]
[Round "3"]
[White "Charaf, Bassel"]
[Black "Zheng, Richard"]
[Result "1-0"]
[WhiteElo "2034"]
[BlackElo "2232"]
[PlyCount "101"]
[EventDate "2022.11.19"]
[EventType "tourn"]
[EventRounds "10"]
[EventCountry "CAN"]

1. e3 e5 2. d4 exd4 3. exd4 d5 4. Bd3 Nf6 5. Nf3 Bg4 6. O-O Be7 7. Bg5 O-O 8.
Nbd2 Nbd7 9. c3 c6 10. Qc2 Re8 11. Rfe1 Bh5 12. Ne5 Nf8 13. Nf1 Ng4 14. Bxe7
Rxe7 15. Nxg4 Bxg4 16. Ng3 Qc7 17. f3 Be6 18. Qd2 Ng6 19. Bxg6 hxg6 20. Re2 f6
21. Rae1 Rae8 22. f4 Kf7 23. Kf2 Bf5 24. Rxe7+ Rxe7 25. Rxe7+ Qxe7 26. Qe3 Be4
27. a3 f5 28. Ne2 Qh4+ 29. Qg3 Qd8 30. h4 b6 31. Qg5 Qh8 32. Ng3 Qh6 33. b4 Ke8
34. Nf1 Qh5 35. Ne3 Bd3 36. g4 Qh6 37. Qxh6 gxh6 38. g5 h5 39. Ke1 Ke7 40. Kd2
Bb5 41. Nc2 Kd6 42. Ne1 c5 43. dxc5+ bxc5 44. Nf3 Be8 45. Ne5 a6 46. Nd3 cxb4
47. axb4 Kc7 48. Ke3 Bb5 49. Ne5 Be8 50. c4 dxc4 51. Kd4 1-0

[Event "Etoiles montantes 3-A"]
[Site "Montreal CAN"]
[Date "2022.11.19"]
[Round "3"]
[White "Saha, Ananda"]
[Black "Guipi Bopala, Prince Eric jr"]
[Result "1/2-1/2"]
[WhiteElo "2173"]
[BlackElo "2041"]
[PlyCount "76"]
[EventDate "2022.11.19"]
[EventType "tourn"]
[EventRounds "10"]
[EventCountry "CAN"]

1. d4 d5 2. Nf3 Nf6 3. e3 e6 4. Bd3 c5 5. b3 Nc6 6. Bb2 Bd6 7. a3 Qc7 8. dxc5
Bxc5 9. c4 dxc4 10. Bxc4 Qe7 11. Qc2 h6 12. b4 Bb6 13. Nbd2 Bc7 14. Rc1 Bd7 15.
b5 Nd8 16. O-O Rc8 17. Ne4 Nxe4 18. Qxe4 O-O 19. Qd4 f5 20. Qxa7 b6 21. Qa4 Nb7
22. Rfd1 Nc5 23. Qc2 g5 24. Ne5 Be8 25. Nd3 Ne4 26. f3 Nf6 27. Nb4 g4 28. Qxf5
Bxh2+ 29. Kxh2 Rxc4 30. Qe5 Rxc1 31. Rxc1 gxf3 32. gxf3 Bd7 33. Nd5 Ng4+ 34.
fxg4 Qh4+ 35. Kg2 Qf2+ 36. Kh1 Qf3+ 37. Kh2 Qf2+ 38. Kh1 Qf3+ 1/2-1/2

[Event "Etoiles montantes 3-A"]
[Site "Montreal CAN"]
[Date "2022.11.20"]
[Round "4"]
[White "Saha, Ananda"]
[Black "Charaf, Bassel"]
[Result "1-0"]
[WhiteElo "2173"]
[BlackElo "2034"]
[PlyCount "51"]
[EventDate "2022.11.19"]
[EventType "tourn"]
[EventRounds "10"]
[EventCountry "CAN"]

1. Nf3 d5 2. g3 Nf6 3. Bg2 g6 4. d3 Bg7 5. Nbd2 O-O 6. O-O c5 7. e4 e6 8. Re1
Nc6 9. Qe2 Qc7 10. Nf1 d4 11. e5 Nd5 12. h4 b5 13. N1h2 Ba6 14. h5 Rac8 15.
hxg6 hxg6 16. Ng4 Rfd8 17. Bg5 Rd7 18. Bf6 Nce7 19. Qd2 Nf5 20. Nh4 Nde7 21.
Be4 Bb7 22. Bxg7 Kxg7 23. Bxf5 Nxf5 24. Nxf5+ exf5 25. Qh6+ Kg8 26. Nf6# 1-0

[Event "Etoiles montantes 3-A"]
[Site "Montreal CAN"]
[Date "2022.11.20"]
[Round "4"]
[White "Zheng, Richard"]
[Black "Genzling, Jerome"]
[Result "1/2-1/2"]
[WhiteElo "2232"]
[BlackElo "1981"]
[PlyCount "90"]
[EventDate "2022.11.19"]
[EventType "tourn"]
[EventRounds "10"]
[EventCountry "CAN"]

1. d4 d5 2. c4 e6 3. Nc3 a6 4. cxd5 exd5 5. Bf4 Nf6 6. e3 Bd6 7. Bxd6 Qxd6 8.
Bd3 O-O 9. h3 b5 10. Nf3 Nbd7 11. Rc1 c5 12. dxc5 Nxc5 13. Bb1 Bb7 14. O-O Rfd8
15. Ne2 Rac8 16. Nf4 Ne6 17. Nxe6 fxe6 18. Qd4 Rc4 19. Qe5 Qxe5 20. Nxe5 Rxc1
21. Rxc1 Rc8 22. Rxc8+ Bxc8 23. b4 Kf8 24. f4 Ke7 25. g4 h6 26. Kf2 Nd7 27.
Nxd7 Bxd7 28. e4 g5 29. fxg5 hxg5 30. exd5 exd5 31. Ke3 Kd6 32. Kd4 Bc6 33. Bf5
Bb7 34. a3 Ba8 35. Bc8 Bc6 36. Bf5 Bb7 37. Bd3 Bc8 38. Bg6 Bb7 39. Bf5 Ba8 40.
Bc2 Bc6 41. Bb3 Bb7 42. Bc2 Bc6 43. Bg6 Bb7 44. Be8 Ba8 45. Bg6 Bb7 1/2-1/2

[Event "Etoiles montantes 3-A"]
[Site "Montreal CAN"]
[Date "2022.11.20"]
[Round "5"]
[White "Charaf, Bassel"]
[Black "Guipi Bopala, Prince Eric jr"]
[Result "1-0"]
[WhiteElo "2034"]
[BlackElo "2041"]
[PlyCount "67"]
[EventDate "2022.11.19"]
[EventType "tourn"]
[EventRounds "10"]
[EventCountry "CAN"]

1. e4 c6 2. Nc3 d5 3. Nf3 d4 4. Ne2 c5 5. Ng3 Nc6 6. Bb5 Bd7 7. a4 e6 8. O-O
Nge7 9. c3 Ng6 10. cxd4 Nxd4 11. Nxd4 cxd4 12. d3 Bxb5 13. axb5 Be7 14. f4 O-O
15. Qb3 Qb6 16. Bd2 a6 17. Ra5 Rac8 18. Qa4 Rc5 19. bxa6 Rxa5 20. Qxa5 Qxa6 21.
Qxa6 bxa6 22. Ra1 Rb8 23. Rxa6 Rxb2 24. Nf1 Rb3 25. Ra8+ Nf8 26. Re8 Ba3 27.
Kf2 Rxd3 28. Ke2 Rb3 29. Rd8 Bc5 30. f5 exf5 31. exf5 h6 32. Ng3 Kh7 33. Ne4
Ba3 34. Rxd4 1-0

[Event "Etoiles montantes 3-A"]
[Site "Montreal CAN"]
[Date "2022.11.20"]
[Round "5"]
[White "Genzling, Jerome"]
[Black "Saha, Ananda"]
[Result "0-1"]
[WhiteElo "1981"]
[BlackElo "2173"]
[PlyCount "108"]
[EventDate "2022.11.19"]
[EventType "tourn"]
[EventRounds "10"]
[EventCountry "CAN"]

1. e4 e6 2. d4 d5 3. e5 c5 4. c3 Nc6 5. Nf3 Nge7 6. Bd3 cxd4 7. cxd4 Nf5 8.
Bxf5 exf5 9. O-O Be7 10. b3 g5 11. Ba3 g4 12. Bxe7 Qxe7 13. Ne1 Be6 14. f4 h5
15. Qd2 Rc8 16. Nc3 Qb4 17. Nc2 Qa5 18. Rfc1 Nxe5 19. b4 Nc4 20. Qe1 Qd8 21.
Ne3 O-O 22. Na4 b6 23. a3 Qf6 24. Nc2 Nd6 25. Nb2 Ne4 26. Nd3 Rc3 27. Ne5 Rfc8
28. Ne3 Qh6 29. Rxc3 Rxc3 30. Nd1 Rc2 31. Qe3 Qf8 32. Rc1 Qc8 33. Nd3 Qc4 34.
N1b2 Rxc1+ 35. Nxc1 Qc2 36. Nbd3 Bd7 37. Qe2 Qc3 38. Qb2 Qc4 39. Ne5 Qc7 40.
Nxd7 Qxd7 41. Qc2 Kg7 42. a4 Nd6 43. Nd3 Qe7 44. Qf2 Qe4 45. Ne5 Qb1+ 46. Qf1
Qxb4 47. Qc1 Qxd4+ 48. Kh1 Ne4 49. g3 Nf2+ 50. Kg2 Nd1 51. Nd3 Qxd3 52. Qa1+ d4
53. Qa2 Ne3+ 54. Kf2 Qf1# 0-1

[Event "Etoiles montantes 3-A"]
[Site "Montreal CAN"]
[Date "2022.11.20"]
[Round "6"]
[White "Genzling, Jerome"]
[Black "Charaf, Bassel"]
[Result "1-0"]
[WhiteElo "1981"]
[BlackElo "2034"]
[PlyCount "59"]
[EventDate "2022.11.19"]
[EventType "tourn"]
[EventRounds "10"]
[EventCountry "CAN"]

1. e4 Nc6 2. Nf3 e5 3. d4 exd4 4. Bc4 Nf6 5. e5 d5 6. Bb5 Ne4 7. Nxd4 Bd7 8.
Bxc6 bxc6 9. O-O Bc5 10. f3 Ng5 11. Be3 Bb6 12. f4 Ne4 13. Nd2 c5 14. N4f3 Bc6
15. Nxe4 dxe4 16. Nd2 Qd5 17. Qe2 O-O 18. a4 a5 19. Nc4 Bb7 20. Rad1 Qc6 21. f5
Qxa4 22. f6 g6 23. Qg4 Rfd8 24. Qg5 Qe8 25. e6 Rxd1 26. exf7+ Qxf7 27. Rxd1 Rf8
28. b3 Qxf6 29. Qg3 Ba6 30. Bg5 1-0

[Event "Etoiles montantes 3-A"]
[Site "Montreal CAN"]
[Date "2022.11.20"]
[Round "6"]
[White "Guipi Bopala, Prince Eric jr"]
[Black "Zheng, Richard"]
[Result "0-1"]
[WhiteElo "2041"]
[BlackElo "2232"]
[PlyCount "82"]
[EventDate "2022.11.19"]
[EventType "tourn"]
[EventRounds "10"]
[EventCountry "CAN"]

1. d4 d5 2. c4 c6 3. cxd5 cxd5 4. Nc3 Nf6 5. Bf4 Nc6 6. e3 Bg4 7. Qb3 Na5 8.
Qa4+ Bd7 9. Qc2 a6 10. Bd3 e6 11. Nf3 Rc8 12. h3 Be7 13. O-O O-O 14. Rac1 Bc6
15. Rfd1 b5 16. a3 Bb7 17. b4 Nc4 18. Qb3 Bd6 19. Bxd6 Qxd6 20. Ne2 Nd7 21. Bb1
f5 22. Nf4 Qe7 23. h4 Bc6 24. g3 Ra8 25. Bd3 Rfb8 26. Kg2 a5 27. Ra1 Rb6 28.
Ng5 Nf8 29. bxa5 Rxa5 30. Qb4 Ra7 31. Kh2 Rba6 32. Qxe7 Rxe7 33. Rdb1 Rxa3 34.
Rxa3 Nxa3 35. Ra1 b4 36. Rc1 Bb7 37. g4 fxg4 38. Kg3 h6 39. Kxg4 hxg5 40. hxg5
g6 41. Rh1 Rh7 0-1

[Event "Etoiles montantes 3-A"]
[Site "Montreal CAN"]
[Date "2022.11.26"]
[Round "7"]
[White "Genzling, Jerome"]
[Black "Guipi Bopala, Prince Eric jr"]
[Result "0-1"]
[WhiteElo "1981"]
[BlackElo "2041"]
[PlyCount "75"]
[EventDate "2022.11.19"]
[EventType "tourn"]
[EventRounds "10"]
[EventCountry "CAN"]

1. e4 c6 2. Nf3 d5 3. Nc3 Bg4 4. h3 Bxf3 5. Qxf3 e6 6. Be2 Nd7 7. O-O Ngf6 8.
d4 dxe4 9. Nxe4 Nxe4 10. Qxe4 Nf6 11. Qd3 h6 12. Bf4 Bd6 13. Bxd6 Qxd6 14. c3
O-O 15. Rad1 Rfd8 16. Qf3 Qd5 17. a3 Qb3 18. Rb1 Rac8 19. Bd1 Qd5 20. Qf4 Qe4
21. Qc1 Nd5 22. Bc2 Qf4 23. Qd1 c5 24. g3 Qc7 25. Qd3 Nf6 26. Rbc1 e5 27. Rfe1
exd4 28. cxd4 Rxd4 29. Qf5 Rd5 30. Qf3 b6 31. Re3 Re5 32. Rd3 Rce8 33. Rcd1
Re1+ 34. Kh2 Rxd1 35. Rxd1 Qe5 36. Rd2 Qe1 37. Qd3 c4 38. Qd4 0-1

[Event "Etoiles montantes 3-A"]
[Site "Montreal CAN"]
[Date "2022.11.26"]
[Round "7"]
[White "Saha, Ananda"]
[Black "Zheng, Richard"]
[Result "1-0"]
[WhiteElo "2173"]
[BlackElo "2232"]
[PlyCount "69"]
[EventDate "2022.11.19"]
[EventType "tourn"]
[EventRounds "10"]
[EventCountry "CAN"]

1. d4 d5 2. Nf3 Nf6 3. e3 c5 4. dxc5 e6 5. b4 a5 6. c3 axb4 7. cxb4 b6 8. Bb5+
Bd7 9. Bxd7+ Nbxd7 10. a4 bxc5 11. b5 Bd6 12. O-O O-O 13. Bd2 Bc7 14. Qc2 e5
15. Ne1 e4 16. f4 Bb6 17. Kh1 Re8 18. Qd1 h5 19. h3 h4 20. Nc2 Nf8 21. Be1 Ng6
22. f5 Ne5 23. Bxh4 d4 24. Nd2 Qd5 25. Bxf6 gxf6 26. Rf4 Nd3 27. Nxe4 Rxe4 28.
Qxd3 Rxf4 29. exf4 Re8 30. a5 Bc7 31. b6 Bxf4 32. a6 c4 33. Qxd4 Qxf5 34. a7
Be5 35. a8=Q 1-0

[Event "Etoiles montantes 3-A"]
[Site "Montreal CAN"]
[Date "2022.11.26"]
[Round "8"]
[White "Guipi Bopala, Prince Eric jr"]
[Black "Saha, Ananda"]
[Result "0-1"]
[WhiteElo "2041"]
[BlackElo "2173"]
[PlyCount "62"]
[EventDate "2022.11.19"]
[EventType "tourn"]
[EventRounds "10"]
[EventCountry "CAN"]

1. d4 e6 2. c4 Bb4+ 3. Bd2 a5 4. Nf3 Nf6 5. Qc2 d5 6. g3 O-O 7. Bg2 Ne4 8. O-O
c6 9. Bf4 Be7 10. Nfd2 f5 11. f3 Nf6 12. Be3 Bd7 13. Nc3 b5 14. b3 Na6 15. Rae1
a4 16. Bf2 Nb4 17. Qb1 axb3 18. axb3 Qa5 19. e4 fxe4 20. fxe4 dxc4 21. bxc4 Ng4
22. e5 Nxf2 23. Rxf2 Rxf2 24. Kxf2 Qa3 25. Nde4 bxc4 26. Bf1 Nd5 27. Rc1 Qa7
28. Rd1 Rf8+ 29. Kg1 Ne3 30. Re1 Qxd4 31. Ne2 Qxe5 0-1

[Event "Etoiles montantes 3-A"]
[Site "Montreal CAN"]
[Date "2022.11.26"]
[Round "8"]
[White "Zheng, Richard"]
[Black "Charaf, Bassel"]
[Result "1-0"]
[WhiteElo "2232"]
[BlackElo "2034"]
[PlyCount "83"]
[EventDate "2022.11.19"]
[EventType "tourn"]
[EventRounds "10"]
[EventCountry "CAN"]

1. d4 d5 2. c4 c6 3. Nc3 Nf6 4. Nf3 e6 5. Bg5 h6 6. Bh4 Nbd7 7. e3 a6 8. cxd5
exd5 9. Bd3 Be7 10. O-O O-O 11. Rb1 Ne4 12. Bxe7 Qxe7 13. Bxe4 dxe4 14. Nd2 Nf6
15. b4 Be6 16. Qc2 Bd5 17. Nxd5 cxd5 18. Rfc1 Qd7 19. Nb3 Rfc8 20. Nc5 Qe8 21.
Qe2 Rc7 22. a4 Qc8 23. a5 Ne8 24. f3 Nd6 25. Rf1 Qe8 26. Qa2 exf3 27. Rxf3 Ne4
28. Re1 Rd8 29. Rf5 Nf6 30. Qf2 Re7 31. Rf4 Qc6 32. Rc1 Ne4 33. Qe1 Qe8 34.
Nxe4 Rxe4 35. Rxe4 Qxe4 36. Rc7 f5 37. Qg3 g5 38. Qe5 Qxe5 39. dxe5 d4 40. exd4
Rxd4 41. Rxb7 Re4 42. b5 1-0

[Event "Etoiles montantes 3-A"]
[Site "Montreal CAN"]
[Date "2022.11.26"]
[Round "9"]
[White "Charaf, Bassel"]
[Black "Saha, Ananda"]
[Result "1/2-1/2"]
[WhiteElo "2034"]
[BlackElo "2173"]
[PlyCount "85"]
[EventDate "2022.11.19"]
[EventType "tourn"]
[EventRounds "10"]
[EventCountry "CAN"]

1. b3 Nf6 2. Bb2 g6 3. Bxf6 exf6 4. c4 Bg7 5. Nc3 f5 6. g3 O-O 7. Bg2 Re8 8. e3
Nc6 9. Nge2 h5 10. d4 h4 11. Nd5 d6 12. O-O Ne7 13. b4 c6 14. Nxe7+ Qxe7 15.
Rb1 a6 16. a4 Bd7 17. Nc3 hxg3 18. hxg3 Bf6 19. a5 Kg7 20. Na4 Rh8 21. Nb6 Rab8
22. Qd3 Rh6 23. Nxd7 Qxd7 24. b5 Rhh8 25. bxc6 bxc6 26. Rb6 Rxb6 27. axb6 Rb8
28. Rb1 Bd8 29. c5 dxc5 30. Qxa6 cxd4 31. exd4 Qxd4 32. b7 Bc7 33. Qxc6 Bxg3
34. Qf3 Be5 35. Rd1 Qh4 36. Rd7 Bh2+ 37. Kf1 Qc4+ 38. Qd3 Qc1+ 39. Qd1 Qxd1+
40. Rxd1 Kf6 41. Bc6 Be5 42. Rb1 Ke7 43. Rd1 1/2-1/2

[Event "Etoiles montantes 3-A"]
[Site "Montreal CAN"]
[Date "2022.11.26"]
[Round "9"]
[White "Genzling, Jerome"]
[Black "Zheng, Richard"]
[Result "0-1"]
[WhiteElo "1981"]
[BlackElo "2232"]
[PlyCount "50"]
[EventDate "2022.11.19"]
[EventType "tourn"]
[EventRounds "10"]
[EventCountry "CAN"]

1. e4 c6 2. Nf3 d5 3. Nc3 Bg4 4. h3 Bxf3 5. Qxf3 e6 6. Be2 Nf6 7. O-O Nbd7 8.
d4 Nxe4 9. Nxe4 dxe4 10. Qxe4 Nf6 11. Qd3 Bd6 12. Bg5 h6 13. Bxf6 Qxf6 14. c3
g5 15. Qf3 Qg7 16. g3 h5 17. Kg2 O-O-O 18. b4 Kb8 19. a4 f5 20. Bc4 g4 21. hxg4
hxg4 22. Qe3 Rh2+ 23. Kg1 Qh7 24. f4 Rh8 25. Rad1 Rg2+ 0-1

[Event "Etoiles montantes 3-A"]
[Site "Montreal CAN"]
[Date "2022.11.27"]
[Round "10"]
[White "Guipi Bopala, Prince Eric jr"]
[Black "Charaf, Bassel"]
[Result "0-1"]
[WhiteElo "2041"]
[BlackElo "2034"]
[PlyCount "89"]
[EventDate "2022.11.19"]
[EventType "tourn"]
[EventRounds "10"]
[EventCountry "CAN"]

1. d4 d5 2. c4 c6 3. cxd5 cxd5 4. Nc3 Nf6 5. Bf4 Nc6 6. e3 a6 7. Be2 Bf5 8. Nf3
e6 9. Ne5 Nxe5 10. Bxe5 Be7 11. O-O O-O 12. Rc1 Rc8 13. h3 Nd7 14. Bg3 Qa5 15.
Bd3 Bg6 16. Bxg6 hxg6 17. Qd3 Bb4 18. Rc2 Rc6 19. Rfc1 Rfc8 20. a3 Bxc3 21.
Rxc3 Rxc3 22. Rxc3 Rxc3 23. Qxc3 Qxc3 24. bxc3 Nb6 25. Bd6 Nc4 26. Be7 f5 27.
a4 Kf7 28. Bd8 Ke8 29. Bc7 Kd7 30. Bb8 b6 31. Kh2 Nb2 32. Be5 Nxa4 33. Bxg7
Nxc3 34. f3 a5 35. g4 Ke7 36. h4 Kf7 37. Be5 Nd1 38. h5 gxh5 39. gxh5 Nxe3 40.
Kg3 Nc4 41. Bf4 a4 42. Bc1 a3 43. Bxa3 Nxa3 44. Kf4 Nc2 45. Ke5 0-1

[Event "Etoiles montantes 3-A"]
[Site "Montreal CAN"]
[Date "2022.11.27"]
[Round "10"]
[White "Saha, Ananda"]
[Black "Genzling, Jerome"]
[Result "0-1"]
[WhiteElo "2173"]
[BlackElo "1981"]
[PlyCount "102"]
[EventDate "2022.11.19"]
[EventType "tourn"]
[EventRounds "10"]
[EventCountry "CAN"]

1. Nf3 d5 2. g3 c5 3. Bg2 g6 4. O-O Bg7 5. d3 Nf6 6. Nbd2 O-O 7. e4 e6 8. Re1
Nc6 9. Qe2 b5 10. Nf1 h6 11. h4 e5 12. exd5 Nxd5 13. c4 Nc7 14. Be3 bxc4 15.
dxc4 Qe7 16. N3d2 Bb7 17. Nb3 Ne6 18. Rad1 Ncd4 19. Bxd4 cxd4 20. Bxb7 Qxb7 21.
Nfd2 a5 22. Nf3 a4 23. Nc1 Nc5 24. h5 Rfe8 25. hxg6 fxg6 26. Nh4 Kh7 27. Qg4
Qc6 28. b4 axb3 29. axb3 Rab8 30. Re2 e4 31. Ra2 Re7 32. Ne2 Nd3 33. Ra5 Rxb3
34. Nf4 Nxf2 35. Kxf2 e3+ 36. Kg1 e2 37. Re1 d3 38. Nhxg6 d2 39. Raa1 dxe1=Q+
40. Rxe1 Ree3 41. Qf5 Rxg3+ 42. Kh2 Rxg6 43. Rg1 e1=Q 44. Nxg6 Rb2+ 45. Kh3
Qe3+ 46. Rg3 Qh1+ 47. Kg4 Qg5+ 48. Qxg5 hxg5 49. Kxg5 Qh6+ 50. Kf5 Rf2+ 51. Ke4
Qxg6+ 0-1

[Event "Etoiles montantes 3-B"]
[Site "Montreal CAN"]
[Date "2022.11.19"]
[Round "1"]
[White "Geillon-Barral, Roween"]
[Black "Bollinger, Aidan"]
[Result "1-0"]
[WhiteElo "1026"]
[BlackElo "962"]
[PlyCount "109"]
[EventDate "2022.11.19"]
[EventType "tourn"]
[EventRounds "10"]
[EventCountry "CAN"]

1. e4 e5 2. Nf3 Nc6 3. Nc3 Bc5 4. Nxe5 Nxe5 5. d4 Bxd4 6. Qxd4 Nc6 7. Qd1 Nf6
8. Be2 d6 9. O-O O-O 10. Bf4 Be6 11. h3 d5 12. Bf3 dxe4 13. Nxe4 Qxd1 14. Rfxd1
Nxe4 15. Bxe4 Rad8 16. Bxc7 Rxd1+ 17. Rxd1 h6 18. a3 f5 19. Bxc6 bxc6 20. Rd6
Bd5 21. g3 Rc8 22. Rd8+ Rxd8 23. Bxd8 Be4 24. c4 Bd3 25. c5 g5 26. f4 gxf4 27.
gxf4 h5 28. Kf2 Kg7 29. b4 a6 30. Ke3 Be4 31. Kd4 h4 32. Bxh4 Bg2 33. Ke5 Bxh3
34. Kd6 Bg2 35. Kc7 Kh6 36. Bg5+ Kh5 37. Kb6 Kg4 38. Kxa6 Bd5 39. Kb6 Be4 40.
a4 Bd5 41. a5 Kh5 42. a6 Bc4 43. a7 Bb5 44. a8=Q Kg4 45. Qa1 Kf3 46. Qc3+ Ke4
47. Qe5+ Kd3 48. Qxf5+ Kc3 49. Qe5+ Kb3 50. f5 Kc4 51. f6 Kb3 52. f7 Kc4 53.
f8=Q Kb3 54. Qf3+ Kc2 55. Qec3+ 1-0

[Event "Etoiles montantes 3-B"]
[Site "Montreal CAN"]
[Date "2022.11.19"]
[Round "2"]
[White "Bollinger, Aidan"]
[Black "Wang, Lucy"]
[Result "0-1"]
[WhiteElo "962"]
[BlackElo "994"]
[PlyCount "54"]
[EventDate "2022.11.19"]
[EventType "tourn"]
[EventRounds "10"]
[EventCountry "CAN"]

1. d4 d5 2. Nc3 Bf5 3. Nf3 Nc6 4. Bf4 Nb4 5. a3 Nxc2+ 6. Qxc2 Bxc2 7. e3 Nf6 8.
Bb5+ c6 9. Ba4 Bxa4 10. Nxa4 Qa5+ 11. b4 Qxa4 12. Be5 Qb3 13. Rd1 Ne4 14. Nd2
Nxd2 15. Rxd2 Qxa3 16. O-O Qxb4 17. Re1 Qxd2 18. Rf1 f6 19. Bf4 a5 20. h3 a4
21. Ra1 a3 22. g3 a2 23. e4 Qb2 24. Rxa2 Rxa2 25. Be3 e5 26. dxe5 fxe5 27. f4
Qg2# 0-1

[Event "Etoiles montantes 3-B"]
[Site "Montreal CAN"]
[Date "2022.11.19"]
[Round "2"]
[White "Wang, Rachel"]
[Black "Geillon-Barral, Roween"]
[Result "1-0"]
[WhiteElo "1892"]
[BlackElo "1026"]
[PlyCount "89"]
[EventDate "2022.11.19"]
[EventType "tourn"]
[EventRounds "10"]
[EventCountry "CAN"]

1. d4 d5 2. c4 dxc4 3. Nf3 Bf5 4. Nc3 e6 5. e4 Bg6 6. Bxc4 Nd7 7. O-O Ngf6 8.
Re1 c6 9. Bg5 Be7 10. d5 Qc7 11. dxe6 fxe6 12. Bxe6 Nc5 13. Bc4 b5 14. e5 Ng4
15. Bxe7 Qxe7 16. Bf1 O-O 17. h3 Nh6 18. b4 Rad8 19. Qc1 Nd3 20. Bxd3 Rxd3 21.
Ne2 Rc8 22. Nf4 Rdd8 23. Nxg6 hxg6 24. Qf4 Rf8 25. Qe4 Kh7 26. Rac1 Qd8 27.
Red1 Qe7 28. Rd6 Nf5 29. Rdxc6 Rxc6 30. Rxc6 Kh6 31. g4 Nd6 32. Rxd6 Qf7 33.
Qe3+ Qf4 34. Qxf4+ Rxf4 35. Nd4 Re4 36. e6 Kg5 37. Nc6 Kf4 38. Rd4 Kf3 39. Rxe4
g5 40. e7 Kxe4 41. e8=Q+ Kd3 42. Qe3+ Kc2 43. Nd4+ Kb1 44. Qb3+ Kc1 45. Qc2#
1-0

[Event "Etoiles montantes 3-B"]
[Site "Montreal CAN"]
[Date "2022.11.19"]
[Round "3"]
[White "Wang, Lucy"]
[Black "Wang, Rachel"]
[Result "0-1"]
[WhiteElo "994"]
[BlackElo "1892"]
[PlyCount "84"]
[EventDate "2022.11.19"]
[EventType "tourn"]
[EventRounds "10"]
[EventCountry "CAN"]

1. e4 c5 2. Nc3 Nc6 3. Nf3 e6 4. d4 cxd4 5. Nxd4 Bb4 6. Nxc6 Bxc3+ 7. Bd2 Bxd2+
8. Qxd2 dxc6 9. Qxd8+ Kxd8 10. O-O-O+ Kc7 11. Be2 Nf6 12. f3 e5 13. Rd2 Be6 14.
Rhd1 a5 15. a4 g5 16. g4 h5 17. h3 hxg4 18. hxg4 Nd7 19. Bc4 Bxc4 20. Rxd7+ Kb6
21. Re1 Be6 22. Rd2 Rh3 23. Rd3 Rah8 24. Rg1 Rh1 25. Rdd1 Rxg1 26. Rxg1 Rh2 27.
b3 Rf2 28. Rg3 Kc5 29. Rh3 Kd4 30. Rh5 Kc3 31. Kd1 Rxc2 32. Rxg5 Bxb3 33. Rxe5
Rf2+ 34. Ke1 Rxf3 35. Ke2 Kd4 36. Rxa5 Re3+ 37. Kf2 Rxe4 38. Ra7 Rxg4 39. Rxb7
Kc3 40. a5 Ra4 41. Rb6 Bd5 42. a6 Kc4 0-1

[Event "Etoiles montantes 3-B"]
[Site "Montreal CAN"]
[Date "2022.11.20"]
[Round "4"]
[White "Geillon-Barral, Roween"]
[Black "Wang, Lucy"]
[Result "1-0"]
[WhiteElo "1026"]
[BlackElo "994"]
[PlyCount "95"]
[EventDate "2022.11.19"]
[EventType "tourn"]
[EventRounds "10"]
[EventCountry "CAN"]

1. e4 e5 2. Nf3 Nc6 3. Bc4 Bc5 4. d3 h6 5. Be3 Bxe3 6. fxe3 Nf6 7. Nc3 O-O 8.
O-O Ng4 9. Qe2 Qe7 10. h3 Nf6 11. Nh4 d6 12. Nf5 Bxf5 13. Rxf5 Nh7 14. Qg4 Kh8
15. Raf1 Nf6 16. Qf3 Nd8 17. Nd5 Nxd5 18. Bxd5 c6 19. Bxf7 Nxf7 20. Rxf7 Rxf7
21. Qxf7 Qxf7 22. Rxf7 b6 23. Rc7 d5 24. exd5 cxd5 25. Rd7 Rc8 26. c3 d4 27.
exd4 exd4 28. Rxd4 Rc5 29. a4 a6 30. g4 Kh7 31. Kf2 g5 32. Kf3 Re5 33. Re4 Ra5
34. b3 b5 35. Kg3 Kg7 36. Rb4 bxa4 37. Rxa4 Rc5 38. Rc4 Rxc4 39. dxc4 Kf6 40.
Kf3 Ke5 41. Ke3 a5 42. Kd3 Kd6 43. Kd4 Kc6 44. c5 Kd7 45. Kd5 Kc7 46. c6 Kd8
47. Kd6 Kc8 48. c7 1-0

[Event "Etoiles montantes 3-B"]
[Site "Montreal CAN"]
[Date "2022.11.20"]
[Round "4"]
[White "Wang, Rachel"]
[Black "Geillon, Christiane Nathalie"]
[Result "1-0"]
[WhiteElo "1892"]
[BlackElo "683"]
[PlyCount "28"]
[EventDate "2022.11.19"]
[EventType "tourn"]
[EventRounds "10"]
[EventCountry "CAN"]

1. d4 d5 2. c4 Be6 3. Nc3 Nc6 4. cxd5 Bd7 5. dxc6 bxc6 6. e4 e6 7. Nf3 Nf6 8.
Bg5 Be7 9. Bd3 O-O 10. Bc2 h6 11. Bh4 a6 12. Qd3 a5 13. e5 Bb4 14. Bxf6 Qxf6
1-0

[Event "Etoiles montantes 3-B"]
[Site "Montreal CAN"]
[Date "2022.11.20"]
[Round "5"]
[White "Bollinger, Aidan"]
[Black "Wang, Rachel"]
[Result "0-1"]
[WhiteElo "962"]
[BlackElo "1892"]
[PlyCount "58"]
[EventDate "2022.11.19"]
[EventType "tourn"]
[EventRounds "10"]
[EventCountry "CAN"]

1. e4 c5 2. Bc4 Nc6 3. Nc3 e6 4. Nf3 Nge7 5. d3 a6 6. Bg5 b5 7. Bb3 h6 8. Bxe7
Bxe7 9. a4 b4 10. Ne2 d5 11. Nf4 Na5 12. exd5 Nxb3 13. cxb3 exd5 14. Nh5 O-O
15. O-O Bg4 16. h3 Bxh5 17. g4 Bg6 18. h4 Bxh4 19. Nxh4 Qxh4 20. Qf3 Rad8 21.
Qg3 Qxg3+ 22. fxg3 Bxd3 23. Rfd1 c4 24. bxc4 dxc4 25. Rdc1 Rfe8 26. Rab1 Bxb1
27. Rxb1 Rd2 28. Rc1 Rxb2 29. Rxc4 Re1# 0-1